[Event "RUS-chT Blitz (Women)"]
[Site "Sochi"]
[Date "2023.10.17"]
[Round "13.9"]
[White "Maslova, Anastasiya Yar"]
[Black "Potapova, Margarita"]
[Result "0-1"]
[WhiteElo "1556"]
[BlackElo "2155"]
[PlyCount "144"]
[EventDate "2023.10.17"]
[EventType "team-tourn (blitz)"]
[EventRounds "13"]
[EventCountry "RUS"]
[SourceTitle "Mega2024 Update 01"]
[Source "Chessbase"]
[SourceDate "2023.11.12"]
[SourceVersion "1"]
[SourceVersionDate "2023.11.12"]
[SourceQuality "1"]
[WhiteTeam "Moscow Botvinnik School (W) II"]
[BlackTeam "Krym Kimmeriya (W)"]
[WhiteTeamCountry "RUS"]
[BlackTeamCountry "RUS"]

1. e4 c5 2. Nf3 d6 3. d4 cxd4 4. Nxd4 Nf6 5. Nc3 a6 6. Be3 e5 7. Nb3 Be6 8. f3 Be7 9. Qd2 0-0 10. 0-0-0 Nbd7 11. g4 b5 12. g5 b4 13. gxf6 bxc3 14. Qxc3 Nxf6 15. Na5 Rc8 16. Nc6 Qe8 17. Nxe7+ Qxe7 18. Qa5 Rc6 19. Kb1 h6 20. b3 Rfc8 21. Rd2 Qb7 22. Rg1 Kh7 23. Bd3 g6 24. Rdg2 Nh5 25. Qd2 a5 26. Qxa5 Ra8 27. Qb5 Qc7 28. Qb4 Rb8 29. Qd2 Ra8 30. Qb4 Qc8 31. Qd2 Rc7 32. Bxh6 Rca7 33. a4 Qb7 34. Kc1 Qc7 35. Be3 Rb7 36. Kd1 d5 37. exd5 Bxd5 38. Ke1 Bxf3 39. Rg5 e4 40. Be2 Qxh2 41. Bxf3 Qxd2+ 42. Kxd2 exf3 43. Rf1 Rd7+ 44. Kc1 Rc8 45. Rxf3 Kg8 46. Rf1 Ng7 47. Rg2 Ne6 48. Rd2 Rdc7 49. Rff2 f5 50. a5 Rc6 51. Bb6 Kf7 52. Rfe2 g5 53. Rd7+ Kf6 54. Bg1 f4 55. Red2 g4 56. R7d6 R6c7 57. a6 g3 58. a7 f3 59. Bb6 Rb7 60. Rd8 Nxd8 61. Rxd8 Rxa7 62. Rxc8 Rf7 63. Rc3 Kg5 64. Be3+ Kg4 65. Rc4+ Kh3 66. Bg5 f2 67. Rh4+ Kg2 68. b4 f1Q+ 69. Kb2 Qb5 70. c3 Qxg5 71. Rd4 Kf2 72. Kb3 g2 0-1

[Event "RUS-chT Blitz (Women)"]
[Site "Sochi"]
[Date "2023.10.17"]
[Round "4.2"]
[White "Maslova, Anastasiya Yar"]
[Black "Voit, Daria"]
[Result "0-1"]
[WhiteElo "1556"]
[BlackElo "2343"]
[PlyCount "96"]
[EventDate "2023.10.17"]
[EventType "team-tourn (blitz)"]
[EventRounds "13"]
[EventCountry "RUS"]
[SourceTitle "Mega2024 Update 01"]
[Source "Chessbase"]
[SourceDate "2023.11.12"]
[SourceVersion "1"]
[SourceVersionDate "2023.11.12"]
[SourceQuality "1"]
[WhiteTeam "Moscow Botvinnik School (W) II"]
[BlackTeam "Moscow ShSM (W)"]
[WhiteTeamCountry "RUS"]
[BlackTeamCountry "RUS"]

1. e4 c6 2. d4 d5 3. Nc3 dxe4 4. Nxe4 Nf6 5. Qd3 Nxe4 6. Qxe4 Be6 7. Nf3 Bd5 8. Qd3 Bxf3 9. gxf3 Nd7 10. Bf4 Qa5+ 11. c3 g6 12. Bh3 e6 13. Qc2 Be7 14. Bg2 Qf5 15. Qxf5 gxf5 16. Be3 Rg8 17. Kf1 Bg5 18. f4 Bh6 19. Bf3 Ke7 20. Rg1 Rxg1+ 21. Kxg1 Nf8 22. Kf1 Ng6 23. Ke2 Bxf4 24. h3 f6 25. Bh5 Bxe3 26. Bxg6 hxg6 27. Kxe3 Rh8 28. Rh1 Rh4 29. f3 g5 30. Kf2 e5 31. dxe5 fxe5 32. Kg3 e4 33. fxe4 Rxe4 34. Kf3 Rh4 35. Re1+ Kf7 36. Kg3 Re4 37. Rf1 Ke6 38. Rf2 Re3+ 39. Kg2 f4 40. Rd2 b5 41. Rf2 a5 42. Rd2 a4 43. a3 Ke5 44. Kh2 Ke4 45. Kg2 c5 46. Kh2 Kf3 47. Kg1 Re1+ 48. Kh2 Re2+ 0-1